[Event "Scarborough CC-ch"]
[Site "Toronto CAN"]
[Date "2011.03.03"]
[Round "2"]
[White "Nasirov, Ilyas"]
[Black "Song, Michael"]
[Result "0-1"]
[WhiteElo "2142"]
[BlackElo "2228"]
[PlyCount "78"]
[GameId "2160767909795825"]
[EventDate "2011.02.24"]
[EventType "tourn"]
[EventRounds "9"]
[EventCountry "CAN"]
[SourceTitle "EXT 2022"]
[Source "ChessBase"]
[SourceDate "2021.10.06"]
[SourceVersion "1"]
[SourceVersionDate "2021.10.06"]
[SourceQuality "1"]

1. d4 d5 2. c4 e5 3. dxe5 d4 4. Nf3 Nc6 5. g3 Bg4 6. Bg2 Qd7 7. O-O O-O-O 8. a3 Bxf3 9. Bxf3 Nxe5 10. Bg2 h5 11. Bf4 Ng6 12. Qb3 c6 13. Bg5 f6 14. Bd2 h4 15. Qc2 Ne5 16. c5 hxg3 17. hxg3 Qg4 18. Qe4 Bxc5 19. Qxg4+ Nxg4 20. a4 Ne7 21. b4 Bd6 22. Na3 Kb8 23. Nc4 Ne5 24. Rfc1 Rhe8 25. Nxd6 Rxd6 26. b5 cxb5 27. axb5 Rc8 28. Bb4 Rd7 29. Bh3 Rxc1+ 30. Rxc1 f5 31. Bxe7 Rxe7 32. Bxf5 a6 33. bxa6 bxa6 34. Rc8+ Kb7 35. Rd8 Nc6 36. Rd6 Kc7 37. Rd5 a5 38. Bd3 Re5 39. Rxe5 Nxe5 0-1

[Event "Scarborough CC-ch"]
[Site "Toronto CAN"]
[Date "2011.03.10"]
[Round "3"]
[White "Song, Michael"]
[Black "Pedersen, Rune"]
[Result "1-0"]
[WhiteElo "2228"]
[BlackElo "2303"]
[PlyCount "45"]
[GameId "2160767909795831"]
[EventDate "2011.02.24"]
[EventType "tourn"]
[EventRounds "9"]
[EventCountry "CAN"]
[SourceTitle "EXT 2022"]
[Source "ChessBase"]
[SourceDate "2021.10.06"]
[SourceVersion "1"]
[SourceVersionDate "2021.10.06"]
[SourceQuality "1"]

1. Nf3 c5 2. b3 d5 3. Bb2 f6 4. c4 d4 5. g3 e5 6. d3 Nc6 7. Bg2 Be6 8. O-O Qd7 9. Nbd2 g5 10. Re1 O-O-O 11. a3 Be7 12. b4 cxb4 13. Qa4 g4 14. Nh4 b3 15. Nxb3 f5 16. Rab1 f4 17. Ba1 Nh6 18. Na5 Nxa5 19. Qxa5 b6 20. Qa6+ Kb8 21. Rxb6+ axb6 22. Qxb6+ Kc8 23. Rb1 1-0

[Event "Scarborough CC-ch"]
[Site "Toronto CAN"]
[Date "2011.03.17"]
[Round "4"]
[White "Guo, Joshua"]
[Black "Song, Michael"]
[Result "1-0"]
[WhiteElo "2240"]
[BlackElo "2228"]
[PlyCount "48"]
[GameId "2160767909795834"]
[EventDate "2011.02.24"]
[EventType "tourn"]
[EventRounds "9"]
[EventCountry "CAN"]

1. e4 e5 2. Bc4 Nc6 3. Nf3 Nf6 4. d3 Be7 5. O-O O-O 6. a4 d5 7. exd5 Nxd5 8. Re1 Nb6 9. Bb3 Bg4 10. c3 Qd6 11. a5 Nd7 12. Bc2 f5 13. h3 Bh5 14. Nbd2 Rad8 15. Nf1 Bxf3 16. Qxf3 Nc5 17. Rd1 Qg6 18. Qg3 Qe6 19. Bg5 f4 20. Qh4 Bxg5 21. Qxg5 Nb3 22. Ra3 Ncxa5 23. Nd2 Nc5 24. Rxa5 Qc6 1-0

[Event "Scarborough CC-ch"]
[Site "Toronto CAN"]
[Date "2011.03.24"]
[Round "5"]
[White "Manalo, Pepin"]
[Black "Song, Michael"]
[Result "0-1"]
[WhiteElo "1762"]
[BlackElo "2228"]
[PlyCount "62"]
[GameId "2160767909795838"]
[EventDate "2011.02.24"]
[EventType "tourn"]
[EventRounds "9"]
[EventCountry "CAN"]
[SourceTitle "EXT 2022"]
[Source "ChessBase"]
[SourceDate "2021.10.06"]
[SourceVersion "1"]
[SourceVersionDate "2021.10.06"]
[SourceQuality "1"]

1. e4 e5 2. Nf3 d6 3. Bc4 Be7 4. c3 Nc6 5. b4 Bg4 6. Qb3 Nh6 7. d3 Bxf3 8. Bxh6 Bh5 9. Be3 Bg5 10. O-O O-O 11. f4 exf4 12. Bxf4 Bxf4 13. Rxf4 Qg5 14. Rf1 Qe3+ 15. Kh1 Ne5 16. Na3 Be2 17. Nc2 Qh6 18. Rf5 g6 19. Rff1 Bxf1 20. Rxf1 Kh8 21. h3 Qd2 22. Nd4 c6 23. Bxf7 Qxd3 24. Rd1 Qxe4 25. Bc4 Rf2 26. Bf1 Raf8 27. Ne6 Rxf1+ 28. Rxf1 Rxf1+ 29. Kh2 Nf3+ 30. gxf3 Qe2+ 31. Kg3 Rg1+ 0-1

[Event "Scarborough CC-ch"]
[Site "Toronto CAN"]
[Date "2011.03.31"]
[Round "6"]
[White "Song, Michael"]
[Black "Moffat, Andrei"]
[Result "1/2-1/2"]
[WhiteElo "2228"]
[BlackElo "2248"]
[PlyCount "71"]
[GameId "2160767909795845"]
[EventDate "2011.02.24"]
[EventType "tourn"]
[EventRounds "9"]
[EventCountry "CAN"]
[SourceTitle "EXT 2022"]
[Source "ChessBase"]
[SourceDate "2021.10.06"]
[SourceVersion "1"]
[SourceVersionDate "2021.10.06"]
[SourceQuality "1"]

1. d4 d5 2. e4 dxe4 3. Nc3 e5 4. dxe5 Qxd1+ 5. Kxd1 Nc6 6. Nd5 Bg4+ 7. f3 O-O-O 8. c4 exf3 9. gxf3 Be6 10. Kc2 Nxe5 11. Bf4 Bd6 12. Bxe5 Bxe5 13. Re1 Bd6 14. Bh3 Bxh3 15. Nxh3 c6 16. Ne3 h6 17. Nf5 g6 18. Nxd6+ Rxd6 19. Nf2 Nf6 20. Nd3 Rhd8 21. Re3 Ne8 22. Ne5 Rf6 23. Ng4 Rf4 24. Nxh6 Rxc4+ 25. Kb3 Rf4 26. Rhe1 Nc7 27. a3 Nd5 28. Rd3 Rh8 29. Ng4 Rh3 30. Ne5 Rxh2 31. Rc1 Kd8 32. Nxc6+ bxc6 33. Rxc6 Ke7 34. Rxd5 Rxf3+ 35. Ka2 Rff2 36. Rb5 1/2-1/2

[Event "Scarborough CC-ch"]
[Site "Toronto CAN"]
[Date "2011.04.07"]
[Round "7"]
[White "Southam, David"]
[Black "Song, Michael"]
[Result "1/2-1/2"]
[WhiteElo "2102"]
[BlackElo "2228"]
[PlyCount "51"]
[GameId "2160767909795848"]
[EventDate "2011.02.24"]
[EventType "tourn"]
[EventRounds "9"]
[EventCountry "CAN"]
[SourceTitle "EXT 2022"]
[Source "ChessBase"]
[SourceDate "2021.10.06"]
[SourceVersion "1"]
[SourceVersionDate "2021.10.06"]
[SourceQuality "1"]

1. d4 Nf6 2. Nf3 g6 3. c4 Bg7 4. Nc3 d5 5. cxd5 Nxd5 6. e4 Nxc3 7. bxc3 c5 8. Be3 O-O 9. Rc1 Qa5 10. Qd2 Nc6 11. d5 Rd8 12. c4 Qxd2+ 13. Nxd2 Nd4 14. Nb3 Nxb3 15. axb3 b6 16. Be2 a5 17. O-O Bb2 18. Rc2 Ba3 19. Ra1 Bb4 20. g4 Bd7 21. e5 Kg7 22. f4 Rh8 23. Kf2 Ra7 24. Bf3 Rb8 25. Be2 Rh8 26. Rca2 1/2-1/2

[Event "Scarborough CC-ch"]
[Site "Toronto CAN"]
[Date "2011.05.12"]
[Round "9"]
[White "Casareno, Erwin"]
[Black "Song, Michael"]
[Result "1/2-1/2"]
[WhiteElo "2164"]
[BlackElo "2228"]
[PlyCount "85"]
[GameId "2160767909795852"]
[EventDate "2011.02.24"]
[EventType "tourn"]
[EventRounds "9"]
[EventCountry "CAN"]
[SourceTitle "EXT 2022"]
[Source "ChessBase"]
[SourceDate "2021.10.06"]
[SourceVersion "1"]
[SourceVersionDate "2021.10.06"]
[SourceQuality "1"]

1. e4 e5 2. f4 exf4 3. Nf3 d5 4. exd5 Bd6 5. Bb5+ Kf8 6. d4 Nf6 7. c4 a6 8. Ba4 b5 9. Bb3 bxc4 10. Bxc4 Qe7+ 11. Qe2 Qxe2+ 12. Kxe2 Bb7 13. Nc3 Nbd7 14. Kd3 Nb6 15. Ne5 Bxe5 16. dxe5 Nfxd5 17. Nxd5 Nxd5 18. Bxd5 Bxd5 19. Bxf4 Bxg2 20. Rhc1 c6 21. b4 Rg8 22. a4 Ke7 23. Kc4 Ke6 24. Rd1 Bd5+ 25. Kc5 g5 26. Bg3 h5 27. Rf1 Rg6 28. Rae1 h4 29. Bf2 Rh8 30. Bg1 Rh5 31. b5 axb5 32. axb5 cxb5 33. Rf6+ Rxf6 34. exf6+ Kxf6 35. Kxd5 Kf5 36. Rf1+ Kg4 37. Rxf7 Kh3 38. Rf2 g4+ 39. Ke4 b4 40. Rb2 Rb5 41. Bd4 b3 42. Be5 g3 43. Bxg3 1/2-1/2

[Event "Hart House Reading Week op"]
[Site "Toronto CAN"]
[Date "2011.02.19"]
[Round "2"]
[White "Song, Michael"]
[Black "Jones, David Allan"]
[Result "1-0"]
[WhiteElo "2220"]
[BlackElo "2189"]
[PlyCount "61"]
[GameId "2160767909804391"]
[EventDate "2011.02.19"]
[EventType "swiss"]
[EventRounds "6"]
[EventCountry "CAN"]
[SourceTitle "EXT 2022"]
[Source "ChessBase"]
[SourceDate "2021.10.06"]
[SourceVersion "1"]
[SourceVersionDate "2021.10.06"]
[SourceQuality "1"]

1. d4 d5 2. c4 e6 3. Nc3 Nf6 4. cxd5 exd5 5. Bg5 c6 6. e3 Be7 7. Bd3 Bg4 8. Qc2 Nbd7 9. Nf3 Bh5 10. h3 Bg6 11. O-O Bxd3 12. Qxd3 O-O 13. Rab1 h6 14. Bf4 Rc8 15. b4 Re8 16. Ne5 Nxe5 17. dxe5 Nd7 18. e4 Bf8 19. Qg3 d4 20. Ne2 c5 21. Rfd1 b6 22. bxc5 bxc5 23. Rb7 Re6 24. Nc3 Rb8 25. Rxa7 Ra8 26. Rb7 Qc8 27. Rxd7 Qxd7 28. Nd5 Rg6 29. Qb3 Qa4 30. Qf3 Qxa2 31. Bg3 1-0

[Event "Hart House Reading Week op"]
[Site "Toronto CAN"]
[Date "2011.02.21"]
[Round "5"]
[White "Song, Michael"]
[Black "Kleinman, Michael"]
[Result "1/2-1/2"]
[WhiteElo "2220"]
[BlackElo "2256"]
[PlyCount "151"]
[GameId "2160767909804404"]
[EventDate "2011.02.19"]
[EventType "swiss"]
[EventRounds "6"]
[EventCountry "CAN"]
[SourceTitle "EXT 2022"]
[Source "ChessBase"]
[SourceDate "2021.10.06"]
[SourceVersion "1"]
[SourceVersionDate "2021.10.06"]
[SourceQuality "1"]

1. e4 c5 2. Nc3 Nc6 3. g3 g6 4. Bg2 Bg7 5. Nge2 e6 6. O-O Nge7 7. d3 O-O 8. Be3 Nd4 9. f4 d5 10. Rb1 b6 11. g4 dxe4 12. Ng3 exd3 13. Qxd3 Rb8 14. Rbd1 Bb7 15. Bxb7 Rxb7 16. f5 Nec6 17. f6 Bxf6 18. Nce4 Bg7 19. c3 Ne5 20. Qb1 Qh4 21. Kg2 Nxg4 22. Bg1 Nf5 23. Nxf5 gxf5 24. Ng3 Be5 25. Rf3 Rd8 26. Rxd8+ Qxd8 27. Nxf5 exf5 28. Qxf5 Qd7 29. h3 Qxf5 30. Rxf5 Bxc3 31. bxc3 Nh6 32. Rg5+ Kf8 33. Bh2 f6 34. Rh5 Kg7 35. Rd5 Kf7 36. a4 Ke6 37. Rd6+ Ke7 38. Rc6 Nf7 39. a5 Nd8 40. Rd6 Ne6 41. Kf3 Ng5+ 42. Ke3 Nxh3 43. Ke4 b5 44. a6 Rd7 45. Rxd7+ Kxd7 46. Bb8 Kc6 47. Bxa7 Nf2+ 48. Ke3 Nd1+ 49. Kd2 Nxc3 50. Kxc3 c4 51. Bf2 h5 52. a7 Kb7 53. Kb4 Ka8 54. Kc3 Kb7 55. Kb4 Ka8 56. Kc3 Kb7 57. Kb4 f5 58. Kc3 Ka8 59. Kb4 Kb7 60. Kc3 f4 61. Kb4 Ka8 62. Kc3 Kb7 63. Kb4 h4 64. Bxh4 Kxa7 65. Bf2+ Kb7 66. Kc3 Kc6 67. Kd4 Kb6 68. Ke4+ Ka5 69. Kxf4 Kb4 70. Ke3 c3 71. Kd4 Kb3 72. Be3 b4 73. Kc5 Ka3 74. Bc1+ Kb3 75. Kb5 c2 76. Bd2 1/2-1/2

[Event "Scarborough CC Jack Frost"]
[Site "Toronto CAN"]
[Date "2011.01.13"]
[Round "2"]
[White "Bzikot, Robert"]
[Black "Song, Michael"]
[Result "0-1"]
[WhiteElo "2008"]
[BlackElo "2187"]
[PlyCount "52"]
[GameId "2160767909821317"]
[EventDate "2011.01.06"]
[EventType "swiss"]
[EventRounds "7"]
[EventCountry "CAN"]

1. e4 e5 2. Nf3 Nc6 3. Bb5 a6 4. Ba4 Nf6 5. O-O Be7 6. Re1 b5 7. Bb3 O-O 8. h3 d6 9. c3 Na5 10. Bc2 c5 11. d4 Qc7 12. d5 c4 13. Nbd2 Nb7 14. Nf1 Nc5 15. Ng3 g6 16. Nh2 Bd7 17. f4 Rfc8 18. fxe5 dxe5 19. Rf1 Qd6 20. Qf3 Be8 21. Bh6 Ncd7 22. Nf5 gxf5 23. Qg3+ Ng4 24. Nxg4 fxg4 25. Qxg4+ Qg6 26. Qxg6+ hxg6 0-1

[Event "Scarborough CC Jack Frost"]
[Site "Toronto CAN"]
[Date "2011.01.20"]
[Round "3"]
[White "Song, Michael"]
[Black "Nasirov, Ilyas"]
[Result "1-0"]
[WhiteElo "2187"]
[BlackElo "2095"]
[PlyCount "69"]
[GameId "2160767909821329"]
[EventDate "2011.01.06"]
[EventType "swiss"]
[EventRounds "7"]
[EventCountry "CAN"]

1. d4 d5 2. c4 e6 3. Nc3 Nf6 4. cxd5 exd5 5. Bg5 Nbd7 6. Nf3 Be7 7. e3 O-O 8. Bd3 Re8 9. Qc2 Nf8 10. Ne5 Ng4 11. Bxe7 Rxe7 12. Nf3 a6 13. h3 Nf6 14. O-O-O b5 15. Ne5 Bb7 16. Kb1 a5 17. g4 N6d7 18. f4 f6 19. Nxd7 Qxd7 20. Rde1 Rae8 21. Qf2 Bc8 22. Rhg1 Qd6 23. Rg3 a4 24. Reg1 a3 25. b3 Kh8 26. h4 Bd7 27. f5 c5 28. g5 c4 29. gxf6 Qxf6 30. Nxd5 Qf7 31. f6 Qxd5 32. fxg7+ Rxg7 33. Rxg7 cxb3 34. Rg8+ Qxg8 35. Qf6+ 1-0

[Event "Scarborough CC Jack Frost"]
[Site "Toronto CAN"]
[Date "2011.01.27"]
[Round "4"]
[White "Song, Michael"]
[Black "Ferreira, Alex"]
[Result "1/2-1/2"]
[WhiteElo "2187"]
[BlackElo "2084"]
[PlyCount "100"]
[GameId "2160767909821337"]
[EventDate "2011.01.06"]
[EventType "swiss"]
[EventRounds "7"]
[EventCountry "CAN"]

1. e4 e5 2. Nf3 Nc6 3. Bc4 Nf6 4. d4 exd4 5. O-O Nxe4 6. Re1 d5 7. Bxd5 Qxd5 8. Nc3 Qh5 9. Nxe4 Be6 10. Bg5 Bd6 11. Nxd6+ cxd6 12. Nxd4 Qxd1 13. Raxd1 Nxd4 14. Rxd4 h6 15. Bf4 Rc8 16. c3 O-O 17. Bxd6 Rfd8 18. h3 Rc4 19. Bc5 Rcxd4 20. Bxd4 a6 21. a4 Rd5 22. b4 Rg5 23. Re3 Bd7 24. a5 Be6 25. f4 Rd5 26. Kf2 g6 27. g4 h5 28. Rg3 Kf8 29. Ke3 hxg4 30. hxg4 Ke8 31. Ke4 Kd7 32. c4 Rd6 33. Kd3 Kc6 34. Kc3 Rd8 35. g5 Rd6 36. Re3 Kd7 37. b5 axb5 38. cxb5 Rd5 39. Re5 Kc8 40. Rxd5 Bxd5 41. Be5 Ba2 42. Kd4 Be6 43. Kc5 Bg4 44. Kb6 Be2 45. a6 bxa6 46. bxa6 Bf3 47. Kb5 Be2+ 48. Kb6 Bf3 49. a7 Ba8 50. Kc5 Kd7 1/2-1/2

[Event "Scarborough CC Jack Frost"]
[Site "Toronto CAN"]
[Date "2011.02.03"]
[Round "5"]
[White "Southam, David"]
[Black "Song, Michael"]
[Result "0-1"]
[WhiteElo "2083"]
[BlackElo "2187"]
[PlyCount "88"]
[GameId "2160767909821346"]
[EventDate "2011.01.06"]
[EventType "swiss"]
[EventRounds "7"]
[EventCountry "CAN"]

1. d4 Nf6 2. Nc3 c5 3. d5 d6 4. e4 e5 5. Nf3 Be7 6. Be2 O-O 7. O-O Ne8 8. a4 Bg4 9. Nd2 Bxe2 10. Qxe2 Bg5 11. g3 Bxd2 12. Bxd2 Nd7 13. f4 f5 14. fxe5 Nxe5 15. exf5 Nc7 16. Rf4 Qd7 17. Raf1 Rae8 18. Qh5 Rf7 19. g4 Ref8 20. Qh3 g6 21. Kh1 a6 22. a5 gxf5 23. Rxf5 Kh8 24. Bh6 Rxf5 25. gxf5 Rg8 26. Qh4 Qf7 27. f6 Rg4 28. Bg7+ Kg8 29. Qh3 Nxd5 30. Rg1 Nxc3 31. Rxg4 Nxg4 32. Qxg4 Qd5+ 33. Kg1 Qd1+ 34. Qxd1 Nxd1 35. b3 Ne3 36. Bh6 Nxc2 37. Bf4 Nd4 38. Bxd6 Nxb3 39. Kf2 Kf7 40. Be7 Nxa5 41. Bxc5 Kxf6 42. Kf3 Kf5 43. Bb4 Nc6 44. Bc3 b5 0-1

[Event "Scarborough CC Jack Frost"]
[Site "Toronto CAN"]
[Date "2011.02.10"]
[Round "6"]
[White "Song, Michael"]
[Black "Guo, Joshua"]
[Result "0-1"]
[WhiteElo "2187"]
[BlackElo "2225"]
[PlyCount "96"]
[GameId "2160767909821352"]
[EventDate "2011.01.06"]
[EventType "swiss"]
[EventRounds "7"]
[EventCountry "CAN"]

1. e4 Nf6 2. Nc3 d5 3. exd5 Nxd5 4. d4 Nxc3 5. bxc3 g6 6. Bc4 Bg7 7. Ne2 O-O 8. O-O e5 9. f4 exd4 10. cxd4 Be6 11. Bxe6 fxe6 12. c3 Nc6 13. Qd3 b6 14. Ba3 Rf7 15. Rae1 Qd5 16. Qc2 Na5 17. Ng3 Bh6 18. Qe4 Rd8 19. Qxd5 exd5 20. Bc1 Nc4 21. f5 Bxc1 22. Rxc1 Re8 23. fxg6 hxg6 24. Rxf7 Kxf7 25. Kf2 Kf6 26. Re1 Rh8 27. h3 Rd8 28. Nf1 c5 29. Nh2 cxd4 30. cxd4 Rc8 31. Ng4+ Kf7 32. Re2 Nd6 33. Ne5+ Kg7 34. g4 Ne4+ 35. Kg2 Rc3 36. Nf3 b5 37. Rb2 a6 38. Nd2 Rg3+ 39. Kh2 Rd3 40. Nb3 Ng5 41. h4 Nf3+ 42. Kg3 Nxd4+ 43. Kf4 Nxb3 44. axb3 Rd4+ 45. Ke5 Rxg4 46. Kxd5 a5 47. Kc5 a4 48. Kxb5 axb3 0-1

[Event "Scarborough CC Jack Frost"]
[Site "Toronto CAN"]
[Date "2011.02.17"]
[Round "7"]
[White "Picana, Andrew"]
[Black "Song, Michael"]
[Result "0-1"]
[WhiteElo "2206"]
[BlackElo "2187"]
[PlyCount "136"]
[GameId "2160767909829549"]
[EventDate "2011.01.06"]
[EventType "swiss"]
[EventRounds "7"]
[EventCountry "CAN"]

1. e4 e5 2. f4 d5 3. exd5 e4 4. Bb5+ c6 5. dxc6 bxc6 6. Bc4 Nf6 7. d4 Bd6 8. Ne2 Qa5+ 9. Nbc3 Qh5 10. Be3 Bg4 11. Qd2 O-O 12. O-O-O Bb4 13. Rde1 Qa5 14. a3 Bxe2 15. Rxe2 Bxa3 16. bxa3 Qxa3+ 17. Kb1 Nbd7 18. Bb3 a5 19. Qc1 Qb4 20. Qb2 Rfb8 21. Ka1 a4 22. Bxf7+ Kxf7 23. Qxb4 Rxb4 24. h3 Rc4 25. Nd1 Nd5 26. Bc1 Rxd4 27. Rhe1 N7f6 28. g4 Rxd1 29. Rxd1 Nc3 30. Rde1 Nxe2 31. Rxe2 Re8 32. Bb2 Nd5 33. g5 Kg6 34. Be5 Kf5 35. Bxg7 Nxf4 36. Re3 Nd5 37. Re2 e3 38. Bd4 Ke4 39. Bxe3 Kf3 40. Rf2+ Kxe3 41. Rf7 Kd2 42. Kb2 Re7 43. Rf2+ Ke3 44. Rf8 Kd4 45. h4 Ra7 46. Ka3 Kc3 47. h5 Rg7 48. Rf3+ Kxc2 49. Rg3 Rb7 50. Rg2+ Kd3 51. Kxa4 c5 52. g6 hxg6 53. Rxg6 c4 54. h6 c3 55. Rg3+ Ne3 56. Rg7 Rb6 57. Rd7+ Ke2 58. Rc7 c2 59. h7 Rh6 60. Kb3 Rxh7 61. Rxh7 c1=Q 62. Rh2+ Kd3 63. Rh3 Qc4+ 64. Kb2 Qb4+ 65. Kc1 Qd2+ 66. Kb1 Kc4 67. Rh1 Kb3 68. Rc1 Qb2# 0-1